Movie Posters X Quiz Stats

 Plays Quiz Updated Jun 22, 2017

Support Sporcle.
Go Orange.
Score 0/24 Timer 06:00
4 Plays Today
% Correct
Cars
98.6%
Ghostbusters
98.1%
Charlie and the Chocolate Factory
85.4%
The Hunger Games
84.5%
The Bourne Identity
77.6%
Dude, Where's My Car?
75.9%
Wayne's World
75.2%
The Wedding Singer
74.8%
Cast Away
69.9%
Raiders of the Lost Ark
68.1%
The Truman Show
66.9%
Bring it On
66.2%
% Correct
Spice World
59.4%
The Girl With the Dragon Tattoo
56.3%
Fargo
52.4%
Vanilla Sky
50.1%
Hotel Rwanda
48.6%
Hellraiser
47.4%
Frida
43.2%
Tommy Boy
42.9%
Weekend at Bernie's
42.2%
The Artist
41%
Shakespeare in Love
38.2%
3:10 to Yuma
34.1%

You're not logged in!

Compare scores with friends on all Sporcle quizzes.
OR
Log In
Forgot?

From the Vault

Click-A-Freeman

by g_norm

We can hear this quiz and it is glorious.
Remove Ads.
Support Sporcle.
Get the best of Sporcle when you Go Orange. This ad-free experience offers more features, more stats, and more fun while also helping to support Sporcle. Thank you for becoming a member.

Show Comments

Extras

Top Quizzes Today


Score Distribution

Your Account Isn't Verified!

In order to create a playlist on Sporcle, you need to verify the email address you used during registration. Go to your Sporcle Settings to finish the process.

Report this User

Report this user for behavior that violates our Community Guidelines.

Details: